000 00290nam a22001337a 4500
008 170411b xxu||||| |||| 00| 0 eng d
020 _a1879060139
041 _aeng
080 _a618
100 _a10
101 _aSHM
245 _aCHILD MALTREATMENT
_cMONTELEONE.J.A
942 _2udc
_cBK
999 _c10313
_d10313